000 00579nam a2200217Ia 4500
001 11895
003 GE_BSU
008 181216s||||||||xx |||||||||||||| ||und||
040 _cGE_BSU
080 _a638.12(075.3)
100 _aЛаврехин,Ф.А.
245 _aБиология пчелиной семьи
245 _cРед.А.И.Заварский
260 _aМосква
260 _bКолос
260 _c1975
300 _a295стр.21см.
653 _aБиология пчелиной семьи
653 _aბიოლოგია
942 _cBK
999 _c45072
_d45072